<?xml version="1.0" encoding="UTF-8"?>
<record
    xmlns:xsi="http://www.w3.org/2001/XMLSchema-instance"
    xsi:schemaLocation="http://www.loc.gov/MARC21/slim http://www.loc.gov/standards/marcxml/schema/MARC21slim.xsd"
    xmlns="http://www.loc.gov/MARC21/slim">

  <leader>00685cam a2200229 i 4500</leader>
  <datafield tag="999" ind1=" " ind2=" ">
    <subfield code="c">8046</subfield>
    <subfield code="d">8046</subfield>
  </datafield>
  <controlfield tag="003">OSt</controlfield>
  <controlfield tag="005">20260112130229.0</controlfield>
  <controlfield tag="008">250522e202503  spc |||  |||| 000 0bcat|c</controlfield>
  <datafield tag="020" ind1=" " ind2=" ">
    <subfield code="a">9788410161511</subfield>
  </datafield>
  <datafield tag="040" ind1=" " ind2=" ">
    <subfield code="c">CDMR</subfield>
  </datafield>
  <datafield tag="100" ind1="1" ind2=" ">
    <subfield code="a">Sinca, Gen&#xED;s,</subfield>
    <subfield code="d">1970-</subfield>
    <subfield code="e">autor</subfield>
  </datafield>
  <datafield tag="240" ind1="1" ind2="0">
    <subfield code="a">Provid&#xE8;ncia es diu Paco</subfield>
  </datafield>
  <datafield tag="245" ind1="1" ind2="0">
    <subfield code="a">Candel :</subfield>
    <subfield code="b">vida de Paco Candel, la m&#xE0;quina d'escriure /</subfield>
    <subfield code="c">Gen&#xED;s Sinca</subfield>
  </datafield>
  <datafield tag="264" ind1=" " ind2="1">
    <subfield code="a">[Barcelona] :</subfield>
    <subfield code="b">Comanegra,</subfield>
    <subfield code="c">2025</subfield>
  </datafield>
  <datafield tag="300" ind1=" " ind2=" ">
    <subfield code="a">356 p&#xE0;gines ;</subfield>
    <subfield code="c">21 cm</subfield>
  </datafield>
  <datafield tag="490" ind1="1" ind2=" ">
    <subfield code="a">Espores ;</subfield>
    <subfield code="v">15</subfield>
  </datafield>
  <datafield tag="500" ind1=" " ind2=" ">
    <subfield code="a">Reedici&#xF3; amb un nou t&#xED;tol</subfield>
  </datafield>
  <datafield tag="600" ind1="1" ind2="7">
    <subfield code="a">Candel, Francisco,</subfield>
    <subfield code="d">1925-2007.</subfield>
  </datafield>
  <datafield tag="650" ind1=" " ind2="0">
    <subfield code="a">Periodistes catalans</subfield>
    <subfield code="9">3139</subfield>
    <subfield code="v">Biografia</subfield>
  </datafield>
  <datafield tag="830" ind1=" " ind2="0">
    <subfield code="a">Espores ;</subfield>
    <subfield code="v">15</subfield>
  </datafield>
  <datafield tag="942" ind1=" " ind2=" ">
    <subfield code="c">MON</subfield>
  </datafield>
  <datafield tag="952" ind1=" " ind2=" ">
    <subfield code="0">0</subfield>
    <subfield code="1">0</subfield>
    <subfield code="4">0</subfield>
    <subfield code="7">0</subfield>
    <subfield code="a">CDMR</subfield>
    <subfield code="b">CDMR</subfield>
    <subfield code="d">2026-01-12</subfield>
    <subfield code="e">Donaci&#xF3;</subfield>
    <subfield code="g">22.90</subfield>
    <subfield code="l">0</subfield>
    <subfield code="o">Du 1/85</subfield>
    <subfield code="p">CDMR26010001</subfield>
    <subfield code="r">2026-01-12</subfield>
    <subfield code="w">2026-01-12</subfield>
    <subfield code="y">MON</subfield>
  </datafield>
</record>
